Lanean...
Bacteria
| Egile Nagusiak: | , |
|---|---|
| Formatua: | Printed Book |
| Argitaratua: |
Cambridge, CUP
1991
|
| Saila: | Living resources for biotechnology
|
| Gaiak: |
| LEADER | 006980000a22002530004500 | ||
|---|---|---|---|
| 020 | |a 0-521-35224-X | ||
| 082 | |a 660.62 N1 | ||
| 100 | |a Hill, L R; Ed | ||
| 100 | |a Kirsop, B E; Ed | ||
| 245 | |a Bacteria | ||
| 260 | |a Cambridge, CUP | ||
| 260 | |c 1991 | ||
| 490 | |a Living resources for biotechnology | ||
| 650 | |a Biotechnological | ||
| 650 | |a Catalogs | ||
| 650 | |a Collections | ||
| 650 | |a Culture | ||
| 650 | |a Information resources | ||
| 650 | |a Microorganisms | ||
| 650 | |a Resource centre | ||
| 650 | |a Type specimens | ||
| 942 | |c BK | ||
| 999 | |c 18980 |d 18980 | ||
| 952 | |0 0 |1 0 |4 0 |6 660_620000000000000_N1 |7 0 |8 ENG |9 18793 |a MGUL |b MGUL |d 2013-07-16 |l 0 |o 660.62 N1 |p 29508 |r 2013-07-16 |w 2013-07-16 |y BK | ||